| 000 | 01017nam a22003017a 4500 | ||
|---|---|---|---|
| 003 | CHAP | ||
| 005 | 20220329135656.0 | ||
| 008 | 971013s1975 r 00010 d | ||
| 010 | _a40373 | ||
| 011 | _a41345 | ||
| 035 | _a45471 | ||
| 040 | _cCHAP | ||
| 082 |
_a972 _bM6 |
||
| 100 | 0 | 0 |
_aMoreno Valle, Lucina. _978716 |
| 245 | _aCatálogo de la colección Lafragua de la Biblioteca Nacional de México, 1821-1853 | ||
| 260 |
_aMéxico, D.F. : _bUniversidad Nacional Autónoma de México. Instituto de Investigaicones Bibliográficas, _c1975 |
||
| 300 | _a1202 p | ||
| 490 |
_aSerie guías _v; 2 |
||
| 590 |
_aBATCH-UPD _b10 _c20130110 _lUCH01 _h0902 |
||
| 590 |
_aBATCH-UPD _b10 _c20130410 _lUCH01 _h0530 |
||
| 590 |
_aBATCH-UPD _b10 _c20130914 _lUCH01 _h1824 |
||
| 590 |
_aCONVERSION _b10 _c20130109 _lUCH01 _h1322 |
||
| 650 | 1 | 4 |
_aMéxico _xHistoria _xBibliografía. _976753 |
| 830 | 0 |
_aSerie guías _v; 2 _9104888 |
|
| 901 | _aBK | ||
| 942 | _cLIBRO | ||
| 949 |
_a972 M6 _bBC _cC _d33724000582409 _eC _h39372 _i45471 _mD _si |
||
| 999 |
_c40373 _d40373 |
||